| 000 | 01003 a2200229 4500 | ||
|---|---|---|---|
| 001 | 41134 | ||
| 005 | 20260407155705.0 | ||
| 008 | 260407a2004 arg spa d | ||
| 003 | AR-UNSa-BCEJYS | ||
| 040 |
_aAR-UNSa-BCEJYS _bspa _cAR-UNSa-BCEJYS |
||
| 080 |
_a334.713 _xPequeña industria (Pymes) |
||
| 245 | 1 | 0 |
_aImpuestos y pymes _pPolítica fiscal. Integración. Economía y defensa de la competencia |
| 020 | _a950-894-433-1 | ||
| 264 | 1 |
_aBuenos Aires : _bAD-HOC _c2004 |
|
| 300 |
_a408 p. _c23 cm. |
||
| 505 | _a1. PYME: reina sin trono en el Mercosur - 2. El nuevo rol de las regiones, provincias y municipios - 3. Mercosur y Pymes - 4. Pymes e impuestos - 5. Derecho de la competencia, economía y tributación en el Mercosur - 6. Poder judicial y Pymes | ||
| 041 | _aspa | ||
| 942 | _cBK | ||
| 590 | _aniveau_biblio:m niveau_hierar:0 | ||
| 100 | 1 | _aFerro Ilardo, Susana B. | |
| 856 | 4 | 1 |
_uhttps://biblioeco.unsa.edu.ar/pmb/images/libros/impuestos_pymes_ferro.jpg _yImagen de portada _qimage/jpeg |
| 999 |
_c3387 _d3387 |
||